00354nam a2200085Ia 4500008004100000245011100041260000900152300008500161650002200246180130s9999 xx 000 0 und d cBallarino, Gabriele; Vezzoni, CristianoaSocial stratification and church attendance in contemporary Italy c2013 aBook title: Religion, work and inequality--Acession number C17314; pages 311-336 aSOCIOLOGY OF WORK